000 00273nam a22001217a 4500
020 _a1-8464-6125-1
082 _a823
_bLAD/A
100 _aLADY BIRD
245 _aANGELINA IN THE WINGS
260 _aENGLAND
_bLADY BIRD
650 _aENGLISH SHORT STORY
_zENGLAND
942 _cBK
999 _c2085
_d2085